Methods of teaching biological science / (Record no. 81602)

MARC details
000 -LEADER
fixed length control field 00674nam a22002177a 4500
005 - DATE AND TIME OF LATEST TRANSACTION
control field 20140108122542.0
010 ## - LCCN (DPL NO)
LC control number ENG-108961
020 ## - INTERNATIONAL STANDARD BOOK NUMBER
International Standard Book Number 9788183165136
Terms of availability 175.00
035 ## - SYSTEM CONTROL NUMBER
System control number EN-92494
037 ## - SOURCE OF ACQUISITION
Source of stock number/acquisition DBAD/PUB
082 ## - DEWEY DECIMAL CLASSIFICATION NUMBER
Classification number 372.3
100 ## - MAIN ENTRY--PERSONAL NAME
Personal name Ameeta, P.
245 ## - TITLE STATEMENT
Title Methods of teaching biological science /
Statement of responsibility, etc by P. Ameeta, J. Kamakshi [and] Kadem Srinivas
260 ## - PUBLICATION, DISTRIBUTION, ETC. (IMPRINT)
Place of publication, distribution, etc Hyderabad
Name of publisher, distributor, etc Neelkamal Publications
Date of publication, distribution, etc 2014
270 ## - ADDRESS
Address Sultan Bazar
City Hyderabad
Postal code 500095
300 ## - PHYSICAL DESCRIPTION
Extent xv,236p.
Dimensions 24cm(pbk)
500 ## - GENERAL NOTE
General note Includes bibliographical references and index
700 ## - ADDED ENTRY--PERSONAL NAME
Personal name Srinivas, Kadem
700 ## - ADDED ENTRY--PERSONAL NAME
Personal name Kamakshi, J.
942 ## - ADDED ENTRY ELEMENTS (KOHA)
Source of classification or shelving scheme Dewey Decimal Classification
Item type English Books
Call number suffix AME
Classification part 372.3
Holdings
Withdrawn status Lost status Not for loan Collection code Home library Current library Date acquired Source of acquisition Cost, normal purchase price Full call number Barcode Copy number Cost, replacement price Koha item type
    Not For Loan Non-fiction D.B.Act.Division D.B.Act.Division 01/01/2014 DBAD/PUB 175.00 372.3 AME EN-92494 1 175.00 English Books

© Delhi Public Library
Hit Counter
free hit counter